Nationalism in Iran (Record no. 363259)

000 -LEADER
fixed length control field 00376cam a22001337a 4500
008 - FIXED-LENGTH DATA ELEMENTS--GENERAL INFORMATION
fixed length control field 180718b1964 xxu||||| |||| 00| 0 eng d
082 ## - DEWEY DECIMAL CLASSIFICATION NUMBER
Classification number B262x55 C827
100 ## - MAIN ENTRY--PERSONAL NAME
Personal name Cottam, Richard W.
245 ## - TITLE STATEMENT
Title Nationalism in Iran
Statement of responsibility, etc. by Richard W. Cottam
260 ## - PUBLICATION, DISTRIBUTION, ETC.
Place of publication, distribution, etc. Pittsburgh
Name of publisher, distributor, etc. University of Pittsburgh Press
Date of publication, distribution, etc. 1964
300 ## - PHYSICAL DESCRIPTION
Extent 332p.
500 ## - GENERAL NOTE
General note $6.00
650 ## - SUBJECT ADDED ENTRY--TOPICAL TERM
Topical term or geographic name entry element Nationalism --Iran.
Holdings
Withdrawn status Lost status Damaged status Not for loan Permanent Location Current Location Date acquired Full call number Barcode Date last seen Price effective from Koha item type
        Indian Institute of Public Administration Indian Institute of Public Administration 1994-03-29 B262x55 C827 37147 2018-07-21 2018-07-21 Book

Powered by Koha